Proteinas alimentarias: bioquímica - propiedades funcionales valor nutricional - modificaciones químicas
Uloženo v:
| Hlavní autoři: | , , |
|---|---|
| Médium: | Kniha |
| Jazyk: | španělština |
| Vydáno: |
Zaragoza
Acribia
1989
|
| Témata: | |
| Tagy: |
Přidat tag
Žádné tagy, Buďte první, kdo vytvoří štítek k tomuto záznamu!
|
MARC
| LEADER | 00000cam a2200000 a 4500 | ||
|---|---|---|---|
| 001 | UCV3723 | ||
| 003 | CL-VaPUC | ||
| 005 | 20230816111610.0 | ||
| 008 | 910807e19890000SP |||||||||||||||||spa|d | ||
| 999 | |c 210861 |d 210859 | ||
| 020 | |a 8420006491 | ||
| 040 | |c Pontificia Universidad Católica de Valparaíso | ||
| 082 | 0 | 4 | |a 613.282 |b CHE |2 21 |
| 100 | 0 | |a Cheftel, Jean-Claude |e author |9 298037 | |
| 245 | 1 | 0 | |a Proteinas alimentarias: bioquímica - propiedades funcionales valor nutricional - modificaciones químicas |
| 260 | |a Zaragoza |b Acribia |c 1989 | ||
| 300 | |a 346 p | ||
| 583 | |a last modification |c 20181206 11:57:25 |k Rodrigo Vera | ||
| 650 | 0 | |a Proteínas |2 CL-VaPUC |9 259615 | |
| 650 | 0 | |a Proteínas en nutrición |9 259638 | |
| 650 | 0 | |a Bioquímica |9 259492 | |
| 650 | 0 | |a Alimentos |9 256203 | |
| 700 | 0 | |a Cuq, Jean-Louis |e author |9 298038 | |
| 700 | 0 | |a Lorient, Denis |e author |9 298039 | |
| 942 | |c BK |2 ddc | ||
| 945 | |d 19910807 00:00:00 | ||
| 952 | |0 0 |1 0 |4 0 |6 613_282000000000000_CHE_1989 |7 0 |8 A |9 187796 |a BIBALI |b BIBALI |c RES |d 2019-11-14 |i 255299K |o 613.282 CHE 1989 |p 255299K |r 2025-01-20 |w 2019-11-14 |y BK_R |k ALI | ||
| 952 | |0 0 |1 0 |3 erb |4 0 |6 613_282000000000000_CHE_1989 |7 0 |8 A |9 187797 |a BIBING |b BIBING |i 552248K |o 613.282 CHE 1989 |p 552248K |r 2025-01-20 |w 2019-11-14 |y BK |z Catalogado en:20181207 |k EIB | ||